000 00379nam a2200169Ia 4500
003 OSt
005 20240222105839.0
008 170619s9999 xx 000 0 und d
020 _a9780070668799
040 _cIIMT ENGINEERING COLLEGE
100 _aGOPAL- M
245 0 _aCONTROL SYSTEMS
260 _bMc Graw Hill
260 _c2008
546 _aENGLISH
942 _2ddc
_c01
999 _c18839
_d18839